000 00617nam a2200241Ia 4500
003 OSt
005 20221007071257.0
006 a|||||r|||| 00| 0
007 ta
008 221006b |||||||| |||| 00| 0 eng d
024 _a24,982
037 _cTextual
040 _aFLL
_cFLL
_beng
041 _2eng
_aeng
082 _aZ3:21, H7 2
100 _aTopham A. F.
_9688439
245 0 _aReal property
250 _a10th
260 _aLondon
_bButterworth & Co. Pvt. Ltd. UK
_c1947
300 _axlii,455,59p
_ccm.
942 _hZ3:21, H7 2
_cTEXL
_2CC
999 _c1142931
_d1142931